Nommez une station de métro de Paris valide - Statistiques

Statistiques générales
  • Ce quiz a été pris 60 fois
  • Le résultat moyen est 9 sur 15
Statistiques - réponses
Hint Réponse % Correct
Qui porte exactement le même nom qu'une ville ou un pays Argentine | Liège | Anvers | Rome | Iéna | Stalingrad | Rennes
78%
Qui est desservie par la ligne 7 et la ligne 14 Maison Blanche | Châtelet | Pyramides
76%
Qui commence par la lettre H Hôtel de Ville | Havre-Caumartin | Hôpital Bicêtre | Hoche
74%
Qui porte le mot "Eglise" dans son nom Eglise de Pantin | Eglise d'Auteuil
70%
Qui est située à Boulogne-Billancourt Pont de Sèvres | Billancourt | Marcel Sembat | Boulogne-Pont de Saint Cloud | Boulogne Jean Jaurès
68%
Qui est directement desservie par 3 lignes de métro Gare de l'Est | La Motte-Picquet - Grenelle | Opéra | Place d'Italie | Strasbourg-Saint Denis | Charles de Gaulle-Etoile | Jaurès | Stalingrad
66%
Qui est en banlieue et en correspondance avec un RER Château de Vincennes | La Défense | Rosny-Bois Perrier | Thiais-Orly | Saint Ouen | Saint Denis-Pleyel
64%
Qui contient un chiffre/nombre La Courneuve-8 mai 1945 | George V | Quatre Septembre
64%
Qui est desservie par la ligne 3 entre Réaumur-Sébastopol et Opéra exclus Sentier | Bourse | Quatre Septembre
60%
Qui est située à Paris intra-muros et en correspondance avec une ligne de tramway qui n'est pas le T3a ou T3b Porte de Versailles | Porte de Choisy | Balard
50%
Qui a été inaugurée en 2024 Serge Gainsbourg | Romainville-Carnot | Montreuil-Hôpital | La Dhuys | Côteaux-Beauclair | Rosny-Bois Perrier | Hôpital Bicêtre | L'Haÿ les Roses | Chevilly-Larue | Thiais-Orly | Aéroport d'Orly
50%
Qui sera en correspondance avec une station du tronçon Sud de la ligne 15 Pont de Sèvres | Châtillon-Montrouge | Bagneux-Lucie Aubrac | Villejuif-Gustave Roussy | Villejuif-Louis Aragon | Créteil-L'Echat
48%
Qui est située en banlieue et qui est le terminus d'au moins deux grands transports en commun (Tous sauf bus) dont une ligne de métro La Défense | Villejuif-Louis Aragon | Pointe du Lac | Châtillon-Montrouge | Aéroport D'Orly
46%
Qui est en correspondance avec le T2 Porte de Versailles | Balard | Pont de Sèvres | Boulogne-Pont de Saint Cloud | La Défense
46%
Qui fait partie de la ligne 7bis, sans correspondance avec un grand transport Bolivar | Buttes Chaumont | Botzaris | Danube
40%
Aucun quiz correspondant
Distribution des résultats
% des personnes avec chaque résultat
Percentile par nombre de réponses
Votre historique - résultats
Vous n’avez pas pris ce quiz